<?xml version="1.0" encoding="UTF-8"?>
<marc:record xmlns:marc="http://www.loc.gov/MARC21/slim">
   <marc:leader>00000nam a2200000 a 4500</marc:leader>
   <marc:datafield ind1="1" ind2=" " tag="100">
      <marc:subfield code="a">Liemburg, Alt</marc:subfield>
      <marc:subfield code="4">aut</marc:subfield>
      <marc:subfield code="e">Verfasser/-in</marc:subfield>
   </marc:datafield>
   <marc:datafield ind1=" " ind2=" " tag="653">
      <marc:subfield code="a">Bogenschießen</marc:subfield>
   </marc:datafield>
   <marc:datafield ind1=" " ind2=" " tag="653">
      <marc:subfield code="a">Bogensport</marc:subfield>
   </marc:datafield>
   <marc:datafield ind1=" " ind2=" " tag="653">
      <marc:subfield code="a">Compound</marc:subfield>
   </marc:datafield>
   <marc:datafield ind1=" " ind2=" " tag="653">
      <marc:subfield code="a">Pfeil</marc:subfield>
   </marc:datafield>
   <marc:datafield ind1=" " ind2=" " tag="653">
      <marc:subfield code="a">Ziel</marc:subfield>
   </marc:datafield>
   <marc:datafield ind1=" " ind2=" " tag="653">
      <marc:subfield code="a">Softcover / Ratgeber/Sport</marc:subfield>
   </marc:datafield>
   <marc:datafield ind1="0" ind2="0" tag="245">
      <marc:subfield code="a">Fast alles über Bogenschießen/COMPOUNDBOGEN</marc:subfield>
   </marc:datafield>
   <marc:datafield ind1="0" ind2="0" tag="245">
      <marc:subfield code="b">Kurzanleitung</marc:subfield>
   </marc:datafield>
   <marc:datafield ind1="0" ind2="0" tag="245">
      <marc:subfield code="c">Alt Liemburg</marc:subfield>
   </marc:datafield>
   <marc:datafield ind1=" " ind2="1" tag="264">
      <marc:subfield code="a">Berlin</marc:subfield>
      <marc:subfield code="b">Neopubli</marc:subfield>
      <marc:subfield code="c">2016</marc:subfield>
   </marc:datafield>
   <marc:datafield ind1="1" ind2=" " tag="490">
      <marc:subfield code="a">Fast alles über Bogenschießen</marc:subfield>
      <marc:subfield code="v">2</marc:subfield>
   </marc:datafield>
   <marc:datafield ind1=" " ind2=" " tag="250">
      <marc:subfield code="a">2. Auflage</marc:subfield>
   </marc:datafield>
   <marc:datafield ind1="1" ind2=" " tag="520">
      <marc:subfield code="a">Angaben aus der Verlagsmeldung

Fast alles über Bogenschießen - Fast alles über Bogenschießen Fast alles über Bogenschießen / COMPOUNDBOGEN : Kurzanleitung / von Alt Liemburg

Dieses Buch beschreibt Technik, Material und Trainingsmethoden des Bogenschießens. Es bietet ein Übersicht über die einzelne Bögen und das benötigte Zubehör. Der Schussablauf und Einstellmöglichkeiten werden erläutert. Der Compoundbogen (v. engl. compound „Verbundstoff“) ist eine moderne Ausführung des Bogens, die 1969 in den USA erfunden wurde. Jeder Bogenschütze hat seine individuellen Augenabstand und Auszugslänge. Der Compoundbogen muss individuell auf die Größe des Bogenschützen angepasst werden, hierzu muss die Sehnenlänge und die Position des Peeps ermittelt werden. Der Compound wird vom Werk aus mit einer guten Grundeinstellung geliefert, die von einem Einsteiger nicht verändert werden muss. Daher ist gerade für den Compoundbogen die dringende Empfehlung, stets im Verein mit einem erfahrenen Trainer oder zumindest einem erfahrenen Compoundschützen zu schießen.
</marc:subfield>
   </marc:datafield>
   <marc:datafield ind1=" " ind2=" " tag="020">
      <marc:subfield code="a">9783741800498</marc:subfield>
      <marc:subfield code="9">9783741800498</marc:subfield>
   </marc:datafield>
   <marc:datafield ind1=" " ind2=" " tag="020">
      <marc:subfield code="a">374180049X</marc:subfield>
      <marc:subfield code="9">374180049X</marc:subfield>
   </marc:datafield>
   <marc:datafield ind1=" " ind2=" " tag="041">
      <marc:subfield code="a">ger</marc:subfield>
   </marc:datafield>
   <marc:datafield ind1=" " ind2=" " tag="300">
      <marc:subfield code="a">80 Seiten</marc:subfield>
   </marc:datafield>
</marc:record>
